Catálogo

HEPATITIS VIRAL : (Registro nro. 51406)

Detalles MARC
000 -LEADER
fixed length control field 00607nam a2200193 a 4500
001 - CONTROL NUMBER
control field 51406
005 - DATE AND TIME OF LATEST TRANSACTION
control field 20180714040838.0
008 - FIXED-LENGTH DATA ELEMENTS--GENERAL INFORMATION
fixed length control field 140415s2000 gw 000 0 spa d
020 ## - INTERNATIONAL STANDARD BOOK NUMBER
International Standard Book Number 3929713292
041 ## - LANGUAGE CODE
Language code of text/sound track or separate title spa
082 ## - DEWEY DECIMAL CLASSIFICATION NUMBER
Classification number 616.3623
Item number RAS
100 1# - MAIN ENTRY--PERSONAL NAME
Personal name RASENACK, J.
245 10 - TITLE STATEMENT
Title HEPATITIS VIRAL :
Remainder of title DIAGNOSTICO
250 ## - EDITION STATEMENT
Edition statement 1a ed.
260 ## - PUBLICATION, DISTRIBUTION, ETC.
Place of publication, distribution, etc. ALEMANIA :
Name of publisher, distributor, etc. FALK FOUNDATION E.V.,
Date of publication, distribution, etc. 2000
300 ## - PHYSICAL DESCRIPTION
Extent 126
Dimensions 18 x 0.3 x 21
520 ## - SUMMARY, ETC.
Summary, etc. MANUAL SOBRE EL DIAGNOSTICO Y TRATAMIENTO DE LOS DIFERENTES TIPOS DE HEPATITIS
650 14 - SUBJECT ADDED ENTRY--TOPICAL TERM
Topical term or geographic name entry element HEPATITIS
General subdivision HEPATITIS B
-- HEPATITIS C
-- HEPATITIS VIRAL
Existencias
Withdrawn status Lost status Source of classification or shelving scheme Damaged status Not for loan Collection code Home library Current library Shelving location Date acquired Source of acquisition Total Checkouts Full call number Barcode Price effective from Koha item type
    Dewey Decimal Classification   Consulta en sala Referencia Biblioteca Karol Wojtyla Biblioteca Karol Wojtyla Referencia 03/12/2013 Compra   616.3623 RAS 76584 10/07/2018 Folleto